01125nam a2200277 i 45000010005000000030009000050050017000140070003000310080041000340200018000750800022000932450123001152500011002382600089002493000040003384900049003785040027004276000042004547000035004967100067005318300059005988520045006579420008007029990015007109520122007256423ES-MaACL20240508105002.0t|891121s1989 sp ||||1| spa d a84-7658-186-6 a1 Zambrano, Maria00aMaría Zambrano b: premio de literatura en lengua castellana "Miguel de Cervantes" / c[Julia Castillo... (et al.)]. a1a ed. aBarcelona : bAnthropos ; Madrid : Direccion general del Libro y Bibliotecas,c1989. a143 p. : bfot. bl. y n. ; c20 cm.1 aAmbitos literarios. Premios Cervantes ; v14 aBibliogr.: p. 127-136.14aZambrano, María,d1904-199191179140 aCastillo, Julia,d1956-9367041 aEspaña. bDirección General del Libro y Bibliotecas.9378800aÁmbitos literarios.pPremios Cervantes ;v149236240 aES-MaACLjL-13601 bR.117188 z. - rust. 2udc c6423d6423 00104070aATENEOMbATENEOMcDEPO2d2008-01-17eSCl0oL-13601p1006542r2023-02-23 00:00:00w2023-02-23yMONOGRAFIA